Quantitative implications of the home bias : foreign underinvestment, domestic oversaving, and corrective taxation /
There is strong evidence about a home-court advantage in international portfolio investment. One explanation for the bias is an information asymmetry between domestic and" foreign investors about the economic performance of domestic firms. This asymmetry causes two types of distortions: an aggr...
Saved in:
| Main Author: | |
|---|---|
| Corporate Author: | |
| Other Authors: | , |
| Format: | Book |
| Language: | English |
| Published: |
Cambridge, MA. :
National Bureau of Economic Research,
[1997]
|
| Series: | Working paper series (National Bureau of Economic Research) ;
no. 6339. |
| Subjects: | |
| Tags: |
Add Tag
No Tags, Be the first to tag this record!
|
| LEADER | 02233nam a2200289Ia 4500 | ||
|---|---|---|---|
| 001 | 007720717-3 | ||
| 005 | 20020606104010.5 | ||
| 008 | 980225s1997 mau b 000 0 eng d | ||
| 035 | 0 | |a ocm38506179 | |
| 040 | |a DBI |c DBI |d HBS | ||
| 100 | 1 | |a Razin, Assaf. | |
| 245 | 1 | 0 | |a Quantitative implications of the home bias : |b foreign underinvestment, domestic oversaving, and corrective taxation / |c Assaf Razin, Efraim Sadka, Chi-Wa Yuen. |
| 260 | |a Cambridge, MA. : |b National Bureau of Economic Research, |c [1997] | ||
| 300 | |a 23 p. ; |c 22 cm. | ||
| 490 | 1 | |a NBER working paper series ; |v no.6339 | |
| 500 | |a "December 1997." | ||
| 504 | |a Includes bibliographical references (p. 20). | ||
| 520 | |a There is strong evidence about a home-court advantage in international portfolio investment. One explanation for the bias is an information asymmetry between domestic and" foreign investors about the economic performance of domestic firms. This asymmetry causes two types of distortions: an aggregate production inefficiency and a production-consumption inefficiency, leading to foreign underinvestment and domestic oversaving respectively. Such" market failures are found to be quite severe, slightly more so with equity flows than with debt flows. These inefficiencies can nonetheless be corrected by a mix of tax-subsidy instruments consisting of taxes on corporate income and on the capital incomes of both residents and nonresidents. When only a partial set of instruments is available, however each tax instrument can change radically and may even be reversed although the welfare gains can be fairly substantial and sometimes close to the first best optimum. This partial set of instruments appears to be more effective in handling the market failure in the case of equity flows than in the case of debt flows. | ||
| 650 | 0 | |a Investments, Foreign |x Taxation |x Econometric models. | |
| 650 | 0 | |a Saving and investment |x Taxation |x Econometric models. | |
| 655 | 7 | |a Computer network resources. |2 local | |
| 700 | 1 | |a Sadka, Efraim. | |
| 700 | 1 | |a Yuen, Chi-Wa, |d 1960- | |
| 710 | 2 | |a National Bureau of Economic Research. | |
| 830 | 0 | |a Working paper series (National Bureau of Economic Research) ; |v no. 6339. | |
| 988 | |a 20020608 | ||
| 906 | |0 OCLC | ||


